Alternative Children's Books Quiz Stats

 Plays Quiz not verified by Sporcle

Challenge
Share
Tweet
Embed
Score 0/20 Timer 05:00
0 Plays Today
Alternative Title Actual Title % Correct
Sweet Dreams, Lunar OrbGoodnight Moon
75.6%
The Distributing TopiaryGiving Tree
73.8%
Overcast, with Potential for Italian FoodstuffsCloudy with a Chance of Meatballs
69.5%
Tiny LadiesLittle Women
68.6%
Jump on FatherHop on Pop
65.6%
The Extraordinarily Famished Pre-ButterflyThe Very Hungry Caterpillar
61.6%
The Place that Crazy Beings LiveWhere the Wild Things Are
57.5%
Circling the Planet Over Four-Score DaysAround the World in 80 Days
56.7%
Excessively Wondering JorgeCurious George
54.4%
A Fold in ChronologyA Wrinkle in Time
53.2%
Alternative Title Actual Title % Correct
The BestowerThe Giver
51.9%
When a Rodent Gets Dessert from YouIf You Give a Mouse a Cookie
48.2%
Unshaven Designer of Ceramic ArtHarry Potter Series
42.6%
Hats Available to PurchaseCaps for Sale
31.3%
The Polychromatic BassThe Rainbow Fish
30.1%
Get Out of the Path, Quackers Coming Through!Make Way for Ducklings
29.3%
Empty SpacesHoles
29.2%
Key Belonging to Navy Sea CreaturesIsland of the Blue Dolphins
15.2%
The Delightful Mail CarrierThe Jolly Postman
12.1%
Awful Occurrence of Linear DecorationsBad Case of Stripes
6.7%

You're not logged in!

Compare scores with friends on all Sporcle quizzes.
OR
Log In

You Might Also Like...

Show Comments

Extras

Top Quizzes Today


Score Distribution

Your Account Isn't Verified!

In order to create a playlist on Sporcle, you need to verify the email address you used during registration. Go to your Sporcle Settings to finish the process.

Report this User

Report this user for behavior that violates our Community Guidelines.

Details: